| 000 | 00909nam1a22002411i 4500 | ||
|---|---|---|---|
| 001 | rc\3823780 | ||
| 005 | 20240726053000.0 | ||
| 035 | _a(NLR Aleph) 007276945 | ||
| 090 |
_a5468967 _c5468967 |
||
| 100 | _a20120410g1976 |||y0rusy50 ca | ||
| 101 | 0 | _arus | |
| 102 |
_aRU _aRU |
||
| 105 | _a z ||||| | ||
| 200 | 1 |
_aЛенинград действует... _eФронтовой дневник _e[В 3 кн.] _fПавел Лукницкий |
|
| 210 |
_aМосква _cСов. писатель _d1976- |
||
| 215 | _d20 | ||
| 606 |
_aЛенинградцы в Великой Отечественной войне 1941-1945 гг. (х. л.) _2psbo |
||
| 607 |
_aЛенинград _xОборона 1941-1945 гг. (х. л.) _2psbo |
||
| 700 | 1 |
_aЛукницкий _bП.Н. _f1906-1972 _gПавел Николаевич |
|
| 801 | 0 |
_aRU _bNLR _gpsbo |
|
| 801 | 1 |
_aRU _bELAR _2rusmarc |
|
| 852 |
_aNLR _j77-3/3313 |
||
| 942 | _cBOOK | ||